000 00506nam a2200169Ia 4500
999 _c9061
_d9061
003 OSt
005 20201009125818.0
008 190216s9999||||xx |||||||||||||| ||und||
040 _coclc
082 _a005.268
_bABB/V
100 _aAbbas, T P
_95550
245 0 _aVisual Basic And Application Packages /
_cT P Abbas
260 _bCalicut University Publications,
_c2010.
_aCalicut;
300 _a666p
650 _aComputer Science
942 _cBK
_2ddc
_h005.268
_iABB/V
_k005.268
_mABB/V